昭和51年:労働経済の分析

সংরক্ষণ করুন:
গ্রন্থ-পঞ্জীর বিবরন
সংস্থা লেখক: 労働省
বিন্যাস: গ্রন্থ
ভাষা:Undetermined
প্রকাশিত: 東京 大蔵省印刺局 1977
বিষয়গুলি:
ট্যাগগুলো: ট্যাগ যুক্ত করুন
কোনো ট্যাগ নেই, প্রথমজন হিসাবে ট্যাগ করুন!
Thư viện lưu trữ: Trung tâm Học liệu Trường Đại học Cần Thơ
LEADER 00466nam a2200181Ia 4500
001 CTU_80698
008 210402s9999 xx 000 0 und d
082 |a 331 
082 |b R695 
110 |a 労働省 
245 0 |a 昭和51年:労働経済の分析 
245 0 |c 労働省 
260 |a 東京 
260 |b 大蔵省印刺局 
260 |c 1977 
650 |a Labor Economic 
904 |i Ngoc,Hải 
980 |a Trung tâm Học liệu Trường Đại học Cần Thơ